| 000 | 00427nam a22001337a 4500 | ||
|---|---|---|---|
| 082 |
_a631.7 _bASW |
||
| 100 | _aAswathi Viswanathan | ||
| 245 | _aDevelopment and testing of a banana sucker uprooting machine as an attachement to a tractor | ||
| 260 |
_aTavanur _bDepartment of FPME _c2013 |
||
| 700 | _aHarikrishnan M | ||
| 700 | _aJayan P R (guide) | ||
| 856 | _uhttp://192.168.1.14:8080/xmlui/handle/123456789/16 | ||
| 942 | _cPR | ||
| 999 |
_c14067 _d14067 |
||